MILITARY HISTORY (Record no. 59657)
[ view plain ]
| 000 -LEADER | |
|---|---|
| fixed length control field | 00324nam a22001457a 4500 |
| 008 - FIXED-LENGTH DATA ELEMENTS--GENERAL INFORMATION | |
| fixed length control field | 230508b ||||| |||| 00| 0 eng d |
| 020 ## - INTERNATIONAL STANDARD BOOK NUMBER | |
| International Standard Book Number | 089356014 |
| 041 ## - LANGUAGE CODE | |
| Language code of text/sound track or separate title | eng |
| 080 ## - UNIVERSAL DECIMAL CLASSIFICATION NUMBER | |
| Edition identifier | VOLUME 1,2,3,4,5 |
| Universal Decimal Classification number | 94 |
| 082 ## - DEWEY DECIMAL CLASSIFICATION NUMBER | |
| Classification number | 94POW |
| 100 ## - Rafti | |
| Rafti | 28 |
| 101 ## - Shkurtesa | |
| Shkurtesa | HISTORY |
| 245 ## - TITLE STATEMENT | |
| Title | MILITARY HISTORY |
| Statement of responsibility, etc | POWELL.J |
| 942 ## - ADDED ENTRY ELEMENTS (KOHA) | |
| Source of classification or shelving scheme | |
| Item type | Books |
| Withdrawn status | Lost status | Source of classification or shelving scheme | Damaged status | Not for loan | Collection code | Permanent location | Current location | Date acquired | Total Checkouts | Full call number | Barcode | Date last seen | Price effective from | Koha item type |
|---|---|---|---|---|---|---|---|---|---|---|---|---|---|---|
| Koleksioni i përgjithshem | UBT - Lipjan | UBT - Lipjan | 05/08/2023 | 94POW | 002-80008093 | 05/08/2023 | 05/08/2023 | Books | ||||||
| Koleksioni i përgjithshem | UBT - Lipjan | UBT - Lipjan | 05/08/2023 | 94POW | 002-80008094 | 05/08/2023 | 05/08/2023 | Books | ||||||
| Koleksioni i përgjithshem | UBT - Lipjan | UBT - Lipjan | 05/08/2023 | 94POW | 002-80008095 | 05/08/2023 | 05/08/2023 | Books | ||||||
| Koleksioni i përgjithshem | UBT - Lipjan | UBT - Lipjan | 05/08/2023 | 94POW | 002-80008096 | 05/08/2023 | 05/08/2023 | Books | ||||||
| Koleksioni i përgjithshem | UBT - Lipjan | UBT - Lipjan | 05/08/2023 | 94POW | 002-80008097 | 05/08/2023 | 05/08/2023 | Books |